[Event "Dortmund Sparkassen op-A 46th"]
[Site "Dortmund"]
[Date "2018.07.15"]
[Round "2"]
[White "Liedmann, Dennis"]
[Black "Pahl, Theis"]
[Result "1-0"]
[WhiteElo "2088"]
[BlackElo "1959"]
[PlyCount "119"]
[EventDate "2018.07.14"]
[EventType "swiss"]
[EventRounds "9"]
[EventCountry "GER"]
[SourceTitle "CBM 185 Extra"]
[Source "ChessBase"]
[SourceDate "2018.07.29"]
[SourceVersion "1"]
[SourceVersionDate "2018.07.29"]
[SourceQuality "1"]

1. d4 Nf6 2. Nf3 g6 3. Bf4 Bg7 4. e3 d6 5. Be2 0-0 6. h3 c5 7. 0-0 Nc6 8. c3 cxd4 9. exd4 Qc7 10. Na3 e5 11. Bh2 Rd8 12. Re1 Bf5 13. Nc4 Nd5 14. Qb3 Be6 15. Ng5 Bf5 16. Bf3 Nb6 17. Ne3 h6 18. Nxf5 gxf5 19. Bxc6 hxg5 20. Bb5 e4 21. a4 Rac8 22. a5 Nc4 23. Ra4 Nxa5 24. Qd5 a6 25. Bxa6 Nc6 26. Bc4 Qd7 27. Bb3 Bf6 28. g4 fxg4 29. Qxe4 Re8 30. Qg6+ Bg7 31. Rxe8+ Rxe8 32. hxg4 Qxg4+ 33. Bg3 Qf3 34. Kh2 d5 35. Qxg5 Ne7 36. Ra5 b6 37. Bxd5 Nxd5 38. Qxd5 Re4 39. Qf5 Qxf5 40. Rxf5 Bxd4 41. cxd4 Rxd4 42. Rb5 Kf8 43. Rxb6 Ke7 44. b4 Kd7 45. Kh3 Kc8 46. Rb8+ Kd7 47. b5 Rb4 48. b6 Kc6 49. Bc7 Kd7 50. Rd8+ Ke6 51. Rd6+ Ke7 52. Rd3 Ke6 53. f4 Rb1 54. Kg4 Rb4 55. Rd6+ Ke7 56. Rd5 Ke6 57. Re5+ Kd7 58. Kg5 Rb1 59. Kf6 Rf1 60. Rb5 1-0